MARC

LEADER 00000nam0a2200000 4500
001 220033
005 20231101230313.0
035 |a (RuTPU)RU\TPU\book\240144 
090 |a 220033 
100 |a 20120807d1930 k y0rusy50 ca 
101 0 |a rus 
102 |a RU 
105 |a y z 000zy 
200 1 |a Ажинское месторождение огнеупорных глин, кварцевых песков и минеральных красок  |e [оттиск]  |f Ю. А. Кузнецов  |g Общество изучения Сибири и ее производительных сил, Томское отделение 
210 |a Томск  |c Красное знамя  |d 1930 
215 |a 35 с. 
225 1 |a Материалы по изучению Сибири  |v Т. 1 
316 |5 63413507: КР-2141  |a На обложке дарственная надпись: "Многоуважаемому Михаилу Антоновичу Усову от автора" 
317 |5 63413507: КР-2141  |a Поступил в НТБ в 2004 г. в составе книжного собрания кафедры общей геологии 
606 1 |a Кварц  |x Месторождения  |2 stltpush  |3 (RuTPU)RU\TPU\subj\14246  |9 40690 
606 1 |a Глины  |x Месторождения  |2 stltpush  |3 (RuTPU)RU\TPU\subj\7356  |9 35037 
610 1 |a огнеупорные глины 
610 1 |a кварцевые пески 
610 1 |a минеральные краски 
610 1 |a Ажинское месторождение 
610 1 |a Сибирь 
610 1 |a Бийск 
610 1 |a разведочные работы 
610 1 |a полезные ископаемые 
610 1 |a охра 
610 1 |a красные глины 
610 1 |a Коллекция кафедры общей геологии 
610 1 |a дарственные надписи 
610 1 |a дары автора 
610 1 |a дары библиотеке 
675 |a 553.576  |v 3 
675 |a 553.611  |v 3 
700 1 |a Кузнецов  |b Ю. А. 
702 1 |a Усов  |b М. А.  |c российский геолог  |c профессор Томского технологического института, академик АН СССР  |f 1883-1939  |g Михаил Антонович  |2 stltpush  |3 (RuTPU)RU\TPU\pers\1941  |4 390 
712 0 2 |a Общество изучения Сибири и ее производительных сил  |b Томское отделение  |2 stltpush  |3 (RuTPU)RU\TPU\col\18211  |9 26938 
801 1 |a RU  |b 63413507  |c 20120807 
801 2 |a RU  |b 63413507  |c 20220512  |g RCR 
942 |c BK